• 首页
  • 本馆介绍
  • 公告通知
  • 最新文献
  • 馆藏检索
  • 电子资源
  • 读者导购
  • 参考咨询
  • 我的图书馆
  • 登录
  • 详细信息显示
  • 放入我的书架
  • 预约/预借图书
  • 作者相关作品
  • 分类相关作品
  • 丛书相关作品
  • 出版社相关作品

书目信息

  • 表格格式
  • 工作单格式
  • 卡片格式
题名:
英美概况
    
 
作者: 来安方 编著
分册:  
出版信息: 郑州   河南教育出版社  1988.10
页数: 649页
开本: 20cm
丛书名:
单 册:
中图分类: H319.4:K , H31
科图分类:
主题词: 英语--高等学校--教材 , 英语
电子资源:
ISBN: 7-5347-0421-9
000 00888nam0 2200289 45
001 0192000581
005 20070719141127.31
010    @a7-5347-0421-9@dCNY5.60
100    @a19920115d1988 em y0chiy0121 ea
101 2  @aeng@aeng
102    @aCN@b410000
105    @ay z 000yy
200 10 @a英美概况@AYING MEI GAI KUANG@dAn outline introduction to britain and America@zeng@f来安方编著@FLAIAN FANG BIAN ZHU
205    @b增订本
210    @a郑州@c河南教育出版社@d1988.10@h1991.4印
215    @a649页@d20cm
510 1  @aAn outline introduction to britain and America@zeng
540 1  @a英美 概况@AYING MEI GAI KUANG
606    @a英语@x高等学校@x教材
606 0  @a英语
607    @a美国@x概况
607    @a英国@x概况
690    @aH319.4:K@v三版
690    @aH31
701  0 @a来安方@ALAI AN FANG@4编著
801  0 @aCN@bNLC@c20070719
905    @f2@b216283-284@dH31@e275=2
    
    英美概况=An outline introduction to britain and America/来安方编著.-增订本.-郑州:河南教育出版社,1988.10(1991.4印)
    649页;20cm
    
    
    ISBN 7-5347-0421-9:CNY5.60
    
●
相关链接 在E读中查询图书 在五车中查询图书 在当当中查询图书 在豆瓣中查询图书


正题名:英美概况     索取号:H31/275=2         预约/预借

序号 登录号 条形码 馆藏地/架位号 状态 备注
1 0216283   000937561   第四借阅区/ [索取号:H31/275=2] 在馆    
2 0216284   001589310   第四借阅区/ [索取号:H31/275=2] 在馆    
3 0216285   000937482   第二样本阅览室/ [索取号:H31/275=2] 在馆    
4 0767331   207673310   密集书库/ [索取号:H31/275=2] 在馆    
唐山师范学院图书馆 欢迎您!
大连网信软件有限公司© 版权所有